Progrès récents d'algèbre locale /
Guardado en:
| Autor Principal: | |
|---|---|
| Otros Autores: | , |
| Formato: | Libro |
| Idioma: | French |
| Publicado: |
[Rio de Janeiro?] :
Instituto de Matemática Pura e Aplicada do Conselho Nacional de Pesquisas,
1959.
|
| Series: | Notas de matemática ;
no. 19 |
| Etiquetas: |
Agregar Etiqueta
Sin Etiquetas, Sea el primero en etiquetar este registro!
|
| LEADER | 00699nam a22001815a 4500 | ||
|---|---|---|---|
| 001 | MAT.inmabb000969 | ||
| 008 | 031119s1959####bl############001#0#fre#d | ||
| 005 | 20170808123430.0 | ||
| 245 | 1 | 0 | |a Progrès récents d'algèbre locale / |c par Pierre Samuel ; rédaction par Renzo Piccinini et Paulo Ribenboim. |
| 260 | |a [Rio de Janeiro?] : |b Instituto de Matemática Pura e Aplicada do Conselho Nacional de Pesquisas, |c 1959. | ||
| 300 | |a ii, 203 p. ; |c 28 cm. | ||
| 440 | 0 | |a Notas de matemática ; |v no. 19 | |
| 510 | 4 | |a MR, |c 26 #2458 | |
| 100 | 1 | |a Samuel, Pierre, |d 1921- | |
| 700 | 1 | |a Piccinini, Renzo A., |d 1933- | |
| 700 | 1 | |a Ribenboim, Paulo. | |
| 084 | |a 13.95 (16.00) |2 MR | ||
| 859 | |h 13 |i Sa193p |p A-823 |b BIB. MATEMATICA | ||
